LEADER 00916nam a2200217 i 4500 001 000000231593 003 CaOOAMICUS 005 20250129115035.0 008 140805s1891 it u000 u ita u 013 $a210496 040 $aSeMil$bita 245 10$a1880-1890. 300 $a553 p. 500 $aIn appendice : Commemorazione del cardinale Giovanni E. Newman nei solenni funerali. 773 0 $aCapecelatro, Alfonso $tOpuscoli di vario argomento.$dRoma ; Tournay : Tipografia liturgica di S. Giovanni Desclée, Lefebvre e C., 1890.$g2$w()30269 774 0 $tCommemorazione del cardinale Giovanni E. Newman nei solenni funerali.$w()322816 850 $aSeMil 852 $aSeMil$W1$xVenegono$y1$m2X VII 14 FA$j181939$B181939$CSeMilBibl$Z2$F192881 $8I 961 $aOmaggio: Biblioteca Seminario Duomo 996 $6245$a1880-1890$9(OLS)http://semarc/title/330672 LEADER 01082nam a2200241 i 4500 001 000000198398 003 CaOOAMICUS 005 20110309000000.0 008 110309s1971 it u000 u ita u 013 $a177086 040 $aSeMil$bita 100 1 $aGandola, Enrico.$0(OLS)http://semarc/name/71792 245 13$aIl castello, le antiche mura di Lecco e altri scritti d'arte e di storia /$cEnrico Gandola ; presetazione di Guido Puccio. 260 $aLecco :$bComune di Lecco,$c1971. 300 $a73 p. :$bill. ;$c21x21 cm. 650 4$aLecco.$0(OLS)http://semarc/subject/7870 650 4$aLecco - Arte.$0(OLS)http://semarc/subject/36556 700 1 $aPuccio, Guido.$0(OLS)http://semarc/name/71793 850 $aSeMil 852 $aSeMil$W1$xVenegono$y1$m5R I 121$j148954$B148954$CSeMilBibl$Z2$F169746 $81 961 $aOmaggio: Grampa dott. Cesare 996 $6245$aIl castello, le antiche mura di Lecco e altri scritti d'arte e di storia$9(OLS)http://semarc/title/286671 996 $6260$aLecco :$bComune di Lecco$9(OLS)http://semarc/publisher/49426